La Jornada Semanal : número 276, 25 de septiembre de 1994 /

Պահպանված է:
Մատենագիտական մանրամասներ
Այլ հեղինակներ: Bartra, Roger (dirección) (dirección)
Ձևաչափ: Գիրք
Լեզու:իսպաներեն
Հրապարակվել է: México : La Jornada, 1994
Խորագրեր:
Ցուցիչներ: Ավելացրեք ցուցիչ
Չկան պիտակներ, Եղեք առաջինը, ով նշում է այս գրառումը!

MARC

LEADER 00000nam^a2200000^a^4500
001 000564066
005 20250526000000.0
009 20260310132018.695
037 |a Acervo ITESO - Biblioteca 
041 |a ESP 
082 |a 805.  |b JOR V. 276 
240 1 4 |a [La Jornada Semanal] 
245 0 3 |a La Jornada Semanal :  |b número 276, 25 de septiembre de 1994 /  |c Dir. de R. Bartra. 
264 1 |a México :  |b La Jornada,  |c 1994 
300 |a 47 p. ;  |c 27.0 cm. 
336 |a texto  |b txt  |2 rdacontenido 
337 |a sin mediación  |b n  |2 rdamedio 
338 |a volumen  |b nc  |2 rdasoporte 
649 |a XX 
650 |a Fotógrafos Mexicanos 
650 |a Periodistas Mexicanos 
650 |a Pintores Mexicanos 
650 |a Movimiento Estudiantil de 1968 -  |x Fotografías -  |x Historia y Crítica 
650 |a Vida Cotidiana -  |z Zacatecas -  |x Fotografías 
650 |a Movimiento Estudiantil de 1968 -  |x Fotografías 
650 |a Fotografía Mexicana -  |y Siglo XX 
650 |a Fotografía Mexicana -  |x Historia y Crítica 
650 |a Literatura Mexicana -  |y Siglo XX 
650 |a Literatura Mexicana -  |x Historia y Crítica 
650 |a Literatura -  |x Publicaciones Periódicas Mexicanas -  |x Tema Principal 
650 |a Cultura -  |x Difusión 
650 |a Cultura -  |x Publicaciones Periódicas Mexicanas 
650 |a Publicaciones Periódicas Mexicanas 
650 |a Arango, Alejandro 
650 |a Mayo, Cándido 
650 |a Mayo, Francisco 
650 |a Mayo, Pablo 
600 |a Galeano, Eduardo 
600 |a Mayo, Faustino 
600 |a Mayo, Julio 
700 |a Bartra, Roger  |e (dirección) 
910 |a Fondo Pedro Valtierra 
920 |a Impresos - Libros 
930 |a Libros Antiguos y Raros 
940 |a Literatura 
905 |a 129 
901 |a 0500369159  |b IT2  |c LRA  |i D  |u 20250526 
902 |a https://opac.biblio.iteso.mx/vufind/Record/000564066